<?xml version="1.0" encoding="UTF-8"?>
<record
    xmlns:xsi="http://www.w3.org/2001/XMLSchema-instance"
    xsi:schemaLocation="http://www.loc.gov/MARC21/slim http://www.loc.gov/standards/marcxml/schema/MARC21slim.xsd"
    xmlns="http://www.loc.gov/MARC21/slim">

  <leader>01011nam a22002297a 4500</leader>
  <controlfield tag="005">20100820152635.0</controlfield>
  <controlfield tag="008">100412t        xxu||||| |||| 00| 0 ur d</controlfield>
  <datafield tag="010" ind1=" " ind2=" ">
    <subfield code="a">UR-7809</subfield>
  </datafield>
  <datafield tag="020" ind1=" " ind2=" ">
    <subfield code="c">90.00</subfield>
  </datafield>
  <datafield tag="035" ind1=" " ind2=" ">
    <subfield code="a">U-6364</subfield>
  </datafield>
  <datafield tag="040" ind1=" " ind2=" ">
    <subfield code="a">dpl</subfield>
    <subfield code="b">ur</subfield>
  </datafield>
  <datafield tag="082" ind1=" " ind2=" ">
    <subfield code="a">841.092</subfield>
  </datafield>
  <datafield tag="100" ind1=" " ind2=" ">
    <subfield code="9">15656</subfield>
  </datafield>
  <datafield tag="245" ind1=" " ind2=" ">
    <subfield code="a">&#x645;&#x6CC;&#x631; &#x633;&#x6CC;&#x62F;&#x639;&#x644;&#x6CC; &#x63A;&#x645;&#x6AF;&#x6CC;&#x646; &#x62F;&#x6C1;&#x644;&#x648;&#x6CC; &#x627;&#x644;&#x645;&#x639;&#x631;&#x648;&#x641; &#x628;&#x6C1; &#x62D;&#x636;&#x631;&#x62A; &#x62C;&#x6CC; /</subfield>
    <subfield code="c">&#x646;&#x633;&#x6CC;&#x645; &#x62D;&#x636;&#x631;&#x62A; &#x686;&#x6CC;&#x60C;&#x645;&#x631;&#x62A;&#x628;</subfield>
  </datafield>
  <datafield tag="246" ind1=" " ind2=" ">
    <subfield code="a">Mir Sayyed Ali Gamgeen Dehlwi Almaroof-baHajrat Ji /</subfield>
    <subfield code="b">compiled by Naseem Hajrat Ji </subfield>
  </datafield>
  <datafield tag="260" ind1=" " ind2=" ">
    <subfield code="a">&#x646;&#x633;&#x6CC;&#x645; &#x62D;&#x636;&#x631;&#x62A; &#x686;&#x6CC;</subfield>
  </datafield>
  <datafield tag="270" ind1=" " ind2=" ">
    <subfield code="a">Naseem Hajrat Ji </subfield>
  </datafield>
  <datafield tag="300" ind1=" " ind2=" ">
    <subfield code="a">294,&#x635;</subfield>
    <subfield code="b">22 &#x633; &#x645; (Pbk)</subfield>
  </datafield>
  <datafield tag="942" ind1=" " ind2=" ">
    <subfield code="2">ddc</subfield>
    <subfield code="c">UR</subfield>
    <subfield code="h">841.092</subfield>
    <subfield code="m">&#x645; &#x6CC; &#x631;</subfield>
  </datafield>
  <datafield tag="999" ind1=" " ind2=" ">
    <subfield code="c">42756</subfield>
    <subfield code="d">42756</subfield>
  </datafield>
  <datafield tag="952" ind1=" " ind2=" ">
    <subfield code="0">0</subfield>
    <subfield code="1">0</subfield>
    <subfield code="2">ddc</subfield>
    <subfield code="4">0</subfield>
    <subfield code="7">1</subfield>
    <subfield code="8">NFIC</subfield>
    <subfield code="a">DBAD</subfield>
    <subfield code="b">DBAD</subfield>
    <subfield code="d">2010-08-20</subfield>
    <subfield code="e">DBAD/PUB</subfield>
    <subfield code="g">90.00</subfield>
    <subfield code="l">0</subfield>
    <subfield code="o">841 &#x645; &#x6CC; &#x631;</subfield>
    <subfield code="p">U-6364</subfield>
    <subfield code="r">2010-08-20 00:00:00</subfield>
    <subfield code="t">1</subfield>
    <subfield code="v">90.00</subfield>
    <subfield code="y">UR</subfield>
  </datafield>
</record>
